000 00874nam a2200253Ia 4500
003 OSt
005 20221005112137.0
006 a|||||r|||| 00| 0
007 ta
008 221004b |||||||| |||| 00| 0 pan d
020 _cINR 200.00
024 _a38915
037 _b1016, 30/01/2018, H.K. Prakashan
_cTextual
040 _aCRL
_cCRL
_bpan
041 _2pan
_apan
082 _aY15wLBH, 153Q7
100 _aਸੈਣੀ, ਗੁਰਬ॥F, ਂਚ.
245 0 _aਸੰਤ ਸੈਨਾਪਤੀ Fੇਰਨੀ ਮਾਈ ਭਾਗੋ
260 _aਅੰਮ੍ਰਿਤਸਰ
_bਸਿੰਘ ਬ੍ਰਦਰਗ਼ ਭਾਰਤ
_c2017
300 _a94ਪ0
_ccm.
650 _aਨਾਰੀਵਾਦ
942 _hY15wLBH, 153Q7
_cTEXL
_2cc
999 _c1023948
_d1023948